000 00569nam a2200217 a 4500
001 71636
003 BD-RjUL
005 20211209082134.0
008 170506s1964 enk 000 0 eng d
035 _a(BD-RjUL)71852
040 _aEQO
_cEQO
_beng
_dBD-RjUL
041 _aeng
082 _223
_a666
_bRAB 1964
100 1 _aRada, Pravoslav.
_9211960
245 1 4 _aThe book of ceramics /
_cPravoslav Rada
250 _a2nd ed., rev.
260 _aLondon :
_bSpring Books,
_c1964.
300 _a92 p. :
_bill. ;
_c28 cm.
650 _aCeramics
_9211961
942 _2ddc
_cBK
999 _c71636
_d71636